| Tag |
First Indicator |
Second Indicator |
Subfields |
| LEADER |
00000cam a22000001 4500 |
| 001 |
in00000065520 |
| 005 |
20151007083431.0 |
| 008 |
720901c19671948nyuab b 00010 eng |
| 010 |
|
|
|a 66027176
|
| 035 |
|
|
|a (OCoLC)00423521
|
| 035 |
|
|
|9 AAF9357AM
|
| 040 |
|
|
|a DLC
|c DLC
|d TXA
|d UtOrBLW
|
| 043 |
|
|
|a n-us---
|
| 049 |
|
|
|a TXAM
|c [475026]
|
| 050 |
0 |
0 |
|a E185.89.H6
|b W4 1967
|
| 082 |
0 |
|
|a 301.451/96/073
|
| 092 |
|
|
|a 325.26
|b W363ne, 1967
|
| 100 |
1 |
|
|a Weaver, Robert C.
|q (Robert Clifton),
|d 1907-1997.
|
| 245 |
1 |
4 |
|a The Negro ghetto /
|c [by] Robert C. Weaver.
|
| 264 |
|
1 |
|a New York :
|b Russell & Russell,
|c [1967]
|
| 264 |
|
4 |
|c [©1948]
|
| 300 |
|
|
|a xviii, 404 pages :
|b illustrations, maps. ;
|c 22 cm.
|
| 336 |
|
|
|a text
|b txt
|2 rdacontent
|
| 337 |
|
|
|a unmediated
|b n
|2 rdamedia
|
| 338 |
|
|
|a volume
|b nc
|2 rdacarrier
|
| 500 |
|
|
|a Errata slip mounted on page [1].
|
| 504 |
|
|
|a Includes bibliographies.
|
| 650 |
|
0 |
|a African Americans
|x Housing.
|
| 650 |
|
0 |
|a African Americans
|x Segregation.
|
| 999 |
|
|
|a MARS
|
| 999 |
f |
f |
|s 5afe90f4-6736-33ab-b7a5-24ad04eaf938
|i d40e4c62-c82f-32c5-8ed8-85020e6770ae
|t 0
|
| 952 |
f |
f |
|p normal
|a Texas A&M University
|b College Station
|c Sterling C. Evans Library
|d Evans: Library Stacks
|t 0
|e E185.89.H6 W4 1967
|h Library of Congress classification
|i unmediated -- volume
|m A14800670844
|
| 998 |
f |
f |
|a E185.89.H6 W4 1967
|t 0
|l Evans: Library Stacks
|